[Event "URU-ch sf"]
[Site "Montevideo"]
[Date "2024.02.10"]
[Round "3"]
[White "Donatti, Sofia"]
[Black "Ressia, Lorenzo"]
[Result "0-1"]
[WhiteElo "1746"]
[BlackElo "1959"]
[PlyCount "70"]
[EventDate "2024.02.09"]
[EventType "swiss"]
[EventRounds "7"]
[EventCountry "URU"]
[SourceTitle "CB08_2024"]
[SourceDate "2024.02.21"]
[SourceVersion "1"]
[SourceVersionDate "2024.02.21"]
[SourceQuality "1"]

1. e4 c6 2. d4 d5 3. exd5 cxd5 4. Bd3 Nc6 5. c3 Nf6 6. Bf4 Bg4 7. Qb3 Qd7 8. Nd2 e6 9. Ngf3 Bd6 10. Be3 0-0 11. 0-0 Bf5 12. Bxf5 exf5 13. Bg5 Ne4 14. Rfe1 h6 15. Bh4 Nxd2 16. Nxd2 g5 17. Bg3 f4 18. Qxd5 fxg3 19. hxg3 Ne7 20. Qf3 Qf5 21. Ne4 Qxf3 22. gxf3 Nc8 23. Kg2 Kg7 24. Rh1 f5 25. Nd2 Nb6 26. Rh3 Rae8 27. Rah1 Rf6 28. a3 Re2 29. Rd1 Na4 30. Kf1 Nxb2 31. Kxe2 Re6+ 32. Kf1 Nxd1 33. Nb1 Nb2 34. g4 f4 35. Rh1 Nd3 0-1

[Event "Montevideo Duchamp Cup 7th"]
[Site "Montevideo"]
[Date "2024.02.01"]
[Round "1"]
[White "Osores Vespa, Sergio"]
[Black "Ressia, Lorenzo"]
[Result "0-1"]
[WhiteElo "1558"]
[BlackElo "1959"]
[PlyCount "88"]
[EventDate "2024.02.01"]
[EventType "swiss"]
[EventRounds "9"]
[EventCountry "URU"]
[SourceTitle "CB07_2024"]
[SourceDate "2024.02.14"]
[SourceVersion "1"]
[SourceVersionDate "2024.02.14"]
[SourceQuality "1"]

1. b3 d5 2. Bb2 Nf6 3. Nf3 c5 4. e3 Nc6 5. d4 Bg4 6. Be2 e6 7. Nbd2 Be7 8. 0-0 0-0 9. c4 Rc8 10. h3 Bh5 11. Re1 Qa5 12. a3 Rfd8 13. Ne5 Bxe2 14. Qxe2 Nxe5 15. dxe5 Ne8 16. Nf3 Nc7 17. Red1 Rb8 18. Qd2 Qa6 19. Qc2 b5 20. cxd5 Nxd5 21. e4 Nb6 22. Rxd8+ Rxd8 23. Rd1 Qc8 24. Rxd8+ Qxd8 25. Qd2 Qa8 26. Qc2 Qc6 27. Nd4 Qd7 28. Nf3 h6 29. Nd2 a5 30. f4 a4 31. f5 axb3 32. Nxb3 Nc4 33. Bc1 Nxe5 34. fxe6 Qxe6 35. Be3 c4 36. Nd4 Qa6 37. Bc1 Bc5 38. Be3 Qxa3 39. Qf2 Nd3 40. Qg3 Qa1+ 41. Kh2 Bxd4 42. Bxd4 Qxd4 43. Qb8+ Kh7 44. Qxb5 Qe5+ 0-1

[Event "URU-ch 93rd"]
[Site "Montevideo"]
[Date "2023.04.06"]
[Round "9"]
[White "Hoffman, Alejandro"]
[Black "Ressia, Lorenzo"]
[Result "1-0"]
[WhiteElo "2359"]
[BlackElo "1928"]
[PlyCount "57"]
[EventDate "2023.03.31"]
[EventType "tourn"]
[EventRounds "11"]
[EventCountry "URU"]
[SourceTitle "CBM 213 Extra"]
[Source "ChessBase"]
[SourceDate "2023.05.31"]
[SourceVersion "1"]
[SourceVersionDate "2023.05.31"]
[SourceQuality "1"]

1. d4 Nf6 2. Nf3 d5 3. c4 e6 4. e3 Be7 5. Nc3 0-0 6. b3 b6 7. Bd3 Bb7 8. 0-0 dxc4 9. bxc4 c5 10. Bb2 Nc6 11. d5 Nb4 12. e4 exd5 13. cxd5 Nxd3 14. Qxd3 Rc8 15. Rad1 c4 16. Qc2 Bb4 17. a3 Bxc3 18. Qxc3 Re8 19. Rfe1 Qd7 20. Ne5 Qa4 21. Ng4 Qb3 22. Nxf6+ gxf6 23. Qxf6 c3 24. Bc1 Rxe4 25. Bh6 Rg4 26. Qf5 Qc4 27. Rd4 Qxd4 28. Qxc8+ Bxc8 29. Re8# 1-0

[Event "Montevideo Trebejos 50 Anniv op"]
[Site "Montevideo"]
[Date "2022.09.23"]
[Round "7"]
[White "Benitez, Andres"]
[Black "Ressia, Lorenzo"]
[Result "0-1"]
[WhiteElo "1974"]
[BlackElo "1659"]
[PlyCount "96"]
[EventDate "2022.09.17"]
[EventType "swiss"]
[EventRounds "9"]
[EventCountry "URU"]
[SourceTitle "EXT 2023"]
[Source "ChessBase"]
[SourceDate "2022.10.05"]
[SourceVersion "1"]
[SourceVersionDate "2022.10.05"]
[SourceQuality "1"]

1. e4 c6 2. d4 d5 3. e5 Bf5 4. h4 h5 5. Bd3 Bxd3 6. Qxd3 e6 7. Bg5 Qb6 8. Nd2 c5 9. c4 Qxb2 10. Rd1 Qxd4 11. Qb3 Qxe5+ 12. Ne2 Qc7 13. cxd5 exd5 14. Qxd5 Nd7 15. Rh3 Ngf6 16. Re3+ Be7 17. Qb3 Kf8 18. Nf3 c4 19. Qb1 Bc5 20. Ned4 Nd5 21. Qf5 Qa5+ 22. Kf1 Bxd4 23. Qxd7 Nxe3+ 24. fxe3 Bf6 25. Qd6+ Kg8 26. Bxf6 gxf6 27. Rd5 Qb6 28. Qg3+ Kf8 29. Nd4 Rd8 30. Rb5 Qa6 31. Rf5 c3+ 32. Kg1 Qd3 33. Qf2 Qd1+ 34. Kh2 Rxd4 35. Rc5 Rd2 36. Qxf6 Rxg2+ 37. Kxg2 Rg8+ 38. Rg5 Qd5+ 39. Kf2 Rxg5 40. hxg5 c2 41. Qh8+ Ke7 42. Qf6+ Kd7 43. Qc3 Qd1 44. Qf6 c1Q 45. Qxf7+ Kc6 46. Qe6+ Kc5 47. Qc8+ Kb6 48. Qe6+ Qc6 0-1